| 000 | 00768nam a2200253 a 4500 | ||
|---|---|---|---|
| 001 | BRCA_3508 | ||
| 005 | 20190320204319.0 | ||
| 008 | 250709s1884----mx-a---###---#000-0#spa-# | ||
| 041 | _aspa | ||
| 044 | _amx | ||
| 050 | 4 |
_aF1227 _b.A48 1884 |
|
| 100 | 1 |
_aAltamirano, Ignacio Manuel _d1834-1893. _96319 |
|
| 245 | 1 | 0 |
_aPaísajes y leyendas, tradiciones y costumbres de México. _cIgnacio Manuel Altamirano. |
| 260 |
_aMéxico _bImp. y Litografía Española _c1884 |
||
| 300 |
_a484 p. _bil. _c20 cm. |
||
| 440 | 0 |
_aPrimera serie _99123 |
|
| 500 | _aIncluye índice de materias | ||
| 500 | _aB93. | ||
| 650 | 1 | 4 |
_aLeyendas. _99124 |
| 650 | 1 | 4 |
_aFestividades religiosas. _99125 |
| 651 | 4 |
_aMéxico _xVida social y costumbres. _9769 |
|
| 902 | _aGFM | ||
| 942 |
_2lcc _cB |
||
| 999 |
_c3243 _d3243 |
||